000 00848nam a22001217a 4500
040 _cRUA
100 _aSAN SAMPHEAKAIM,សាម សំភាកាលីម
245 _aSTUDY ON CADASTRAL SURVEY BY USING MODERN INSTRUMENT DGPS SinoGNSS T300 Plus IN CHROY CHANG VAR COMMUNE, CHROY CHANGVA DISTRICT,PHNOM PENH CITY,សិក្សាពីការកសាងប្លង់សុរិយោដីដោយប្រើប្រាស់នូវឧបករណ៍ទំនើប DGPS SinoGNSS T300 Plus នៅសង្កាត់ជ្រោយចង្វារ ខណ្ឌជ្រោយចង្វារ​​ រាជធានីភ្នំពេញ
260 _aphnom penh
_brua
_c2019
300 _aix.57p.
_bill.
_c29cm.
856 _uhttps://drive.google.com/file/d/1HH33561W2zho7nrGXQvo7W5JrzfjQAM6/view?usp=share_link
942 _cLMA
999 _c20498
_d20498